Manual de primers auxilis
Descripción Física:
52 p. ; 21 cm
Colección:
Salut pública ; 4
Materias:
Primers auxilis
MARC
| LEADER | 00000nam a2200000Ia 4500 | ||
|---|---|---|---|
| 001 | 10792 | ||
| 008 | 160829s1994 xx 000 0 cat d | ||
| 080 | |a C-2-101 | ||
| 245 | |a Manual de primers auxilis | ||
| 250 | |a 1a reimp. | ||
| 260 | |a Barcelona : |b Diputació de Barcelona. [Servei de Salut Pública i Consum], |c 1994 | ||
| 300 | |a 52 p. ; |c 21 cm | ||
| 490 | |a Salut pública ; 4 | ||
| 650 | 0 | |a Primers auxilis |9 37628 | |
| 710 | |a Barcelona (Catalunya : Província). |b Servei de Salut Pública i Consum |9 8151 | ||
| 901 | |a Arxiu | ||
| 942 | |n 1 | ||
| 952 | |0 0 |1 0 |4 0 |6 C2101 |7 1 |9 47955 |a Arxiu |b Arxiu |d 2016-12-01 |l 0 |o C-2-101 |p 10792 |r 2016-12-01 00:00:00 |w 2016-12-01 |y ARXIU | ||
| 999 | |c 51756 |d 51756 | ||